000 00562nam a2200169Ia 4500
003 GCL
008 140319s9999 xx 000 0 ara d
040 _aGCL /
_cGCL
082 0 4 _a922.1
_bج ا
100 1 _aجاب الله بيومى عواد
245 1 0 _aاضواء على ظلال الامام /
_cجاب الله بيومى عواد
260 _aالقاهرة :
_bدار نوبار للطباعة ،
_c2002
300 _a253 ص ؛
_c20 سم
650 0 4 _aالاسلام - تراجم
650 0 4 _aمحمد متولى الشعراوى
942 _2ddc
_cBK
999 _c5438
_d5438